000 00907nam a2200277 i 4500
001 000025283
003 DO-SdBNP
005 20240930104112.0
007 ta
008 110214s2003 dr a 000 0 spa d
040 _aDO-SdBNP
_bspa
_cBNPHU
_erda
082 _a418.4
_bE56s
_222
245 0 0 _aEncuesta sobre hábitos de lectura en República Dominicana.
250 _a2a edición
264 _aSanto Domingo :
_bFundación Global Democracia y Desarrollo,
_c2003.
300 _a66 páginas :
_bgraficas ;
_c24 cm.
336 _ardacontent
_btexto
_2txt
337 _ardamedia
_bsin mediación
_2n
338 _brdacarrier
_0volumen
_2nc
505 _aInformacion preliminar|Principales resultados
590 _aInventariado,2024/DG
650 4 _aLecturas
_xEnseñanza correctiva
_zRepública Dominicana
_951803
650 4 _aLectores
_zRepública Dominicana
_951804
910 _aDG
942 _2ddc
_cLBS1
999 _c24776
_d24776